Ariana Grande & Social House - boyfriend - Statistics

General Stats
  • This quiz has been taken 146 times
  • The average score is 407 of 478
Answer Stats
lyric % Correct
I
100%
a
99%
do
99%
don't
99%
to
99%
when
99%
you
98%
You
98%
you,
98%
boyfriend
97%
(Boyfriend)
97%
But
97%
but
97%
my
97%
no
97%
ain't
96%
girlfriend
96%
(Girlfriend)
96%
your
96%
And
95%
and
95%
want
95%
want,
95%
see
94%
nobody
93%
else
91%
me
91%
be
90%
wanna
90%
can
89%
I'm
88%
touch
88%
train
86%
love
85%
(Love
85%
the
85%
we
85%
can't
84%
have
84%
know
84%
on
84%
so
84%
complicated
83%
it
83%
too
82%
go?
81%
wreck
81%
wreck,
81%
in
80%
one
80%
what
80%
'Cause,
79%
'Cause
79%
'cause
79%
f*ck
79%
miss
79%
much
79%
with
79%
comes
78%
give
78%
lose
77%
just
76%
motherf*ckin'
76%
Baby,
74%
baby,
74%
crazy
74%
mind
74%
seem
74%
it's
72%
yeah
72%
(Yeah,
72%
yeah)
72%
Yeah,
72%
neither
71%
not
71%
like
70%
for
68%
got
68%
if
67%
If
67%
keep
67%
promise
66%
tell
66%
waiting
65%
mine
64%
take
64%
time
64%
feel
63%
Make
63%
smile
63%
way
63%
fight
62%
might
62%
ones
62%
choose
61%
from
61%
honestly
61%
Even
60%
Lovin'
57%
issues
55%
push
55%
though
55%
boo
53%
shove
50%
drive
49%
kiss
49%
about
47%
sometimes
47%
gotta
45%
easy
44%
by
43%
hard
43%
smitten,
41%
Stress
40%
read
39%
Damn,
37%
myself
35%
that
35%
still
34%
up
34%
were
33%
surface,
32%
low
31%
we'd
31%
Careful
30%
words
30%
Try
29%
guarantee
27%
open
27%
fun
26%
high
26%
probably
26%
wouldn't
26%
more
24%
more)
24%
trust
24%
Bad
21%
vibes,
21%
where'd
16%
No matching quizzes found
Score Distribution
Percent of People with Each Score
Percentile by Number Answered
Your Score History
You have not taken this quiz